Business strategy and policy /
This book is divided into four parts: INtroduction; Environmental analysis; Strategy selection; and Taking action.
Guardat en:
| Autor principal: | |
|---|---|
| Altres autors: | , |
| Format: | Llibre |
| Idioma: | English |
| Publicat: |
Boston :
Houghton Mifflin,
1991.
|
| Edició: | 3rd ed. |
| Matèries: | |
| Etiquetes: |
Afegir etiqueta
Sense etiquetes, Sigues el primer a etiquetar aquest registre!
|
| Thư viện lưu trữ: | Mạng thư viện Đại học Đà Nẵng |
|---|
| LEADER | 01158cam a2200397 i 4500 | ||
|---|---|---|---|
| 001 | 000048807 | ||
| 003 | 8533 | ||
| 005 | 20051111141502.0 | ||
| 008 | 010321b1991 vm 000 eng | ||
| 020 | |a 0395433673 | ||
| 040 | |a IRC |c IRC |d IRC | ||
| 041 | 0 | |a eng | |
| 082 | 1 | 4 | |a 658.4012 |b SM-G |
| 100 | 1 | |a Smith, Garry D., |d 1948- | |
| 245 | 0 | 0 | |a Business strategy and policy / |c Garry D. Smith, Danny R. Arnold, Bobby G. Bizzell. |
| 250 | |a 3rd ed. | ||
| 260 | |a Boston : |b Houghton Mifflin, |c 1991. | ||
| 300 | |a xx, 380 p. : |b ill. ; |c 23.5cm. | ||
| 520 | 3 | |a This book is divided into four parts: INtroduction; Environmental analysis; Strategy selection; and Taking action. | |
| 630 | 0 | 4 | |a Business. |
| 630 | 0 | 4 | |a Management. |
| 630 | 0 | 4 | |a Strategic planning. |
| 650 | 0 | 4 | |a Strategic planning |x Case studies. |
| 650 | 0 | 4 | |a Strategic planning. |
| 700 | 1 | |a Arnold, Danny R. | |
| 700 | 1 | |a Bizzell, Bobby G. | |
| OWN | |a DUT | ||
| 999 | |a From the UDN01 | ||
| TYP | |a Monograph | ||
| TYP | |a Printed language | ||
| 980 | |a Mạng thư viện Đại học Đà Nẵng | ||


